Design and Analysis of 2-Storey Residential Building: (Record no. 9872)

MARC details
000 -LEADER
fixed length control field 00908nam a22002177a 4500
003 - CONTROL NUMBER IDENTIFIER
control field OSt
005 - DATE AND TIME OF LATEST TRANSACTION
control field 20260425012552.0
008 - FIXED-LENGTH DATA ELEMENTS--GENERAL INFORMATION
fixed length control field 260425b |||||||| |||| 00| 0 eng d
020 ## - INTERNATIONAL STANDARD BOOK NUMBER
International Standard Book Number 978-621-69298-0-5
040 ## - CATALOGING SOURCE
Original cataloging agency DWCL-Main lib
Transcribing agency OC
082 ## - DEWEY DECIMAL CLASSIFICATION NUMBER
Classification number Circ. 624.170 D457 2022
100 ## - MAIN ENTRY--PERSONAL NAME
Personal name Lerio, Jefferson Kevin
245 ## - TITLE STATEMENT
Title Design and Analysis of 2-Storey Residential Building:
Remainder of title A Guide to the use of STAAD. Pro Connect Edition/
Statement of responsibility, etc. Lerio, Jefferson Kevin
260 ## - PUBLICATION, DISTRIBUTION, ETC.
Place of publication, distribution, etc. Tagum City, Davao Del Norte:
Name of publisher, distributor, etc. Lerio Book Publishing,
Date of publication, distribution, etc. c2022.
300 ## - PHYSICAL DESCRIPTION
Extent ix, 165 pages :
Other physical details color illustrations ;
Dimensions 28cm.
504 ## - BIBLIOGRAPHY, ETC. NOTE
Bibliography, etc. note Includes bibliographical references and appendix
650 ## - SUBJECT ADDED ENTRY--TOPICAL TERM
Topical term or geographic name entry element 1. Computer-aided software engineering
650 ## - SUBJECT ADDED ENTRY--TOPICAL TERM
Topical term or geographic name entry element 2. Structural analysis( Engineering)-- Computer programs
650 ## - SUBJECT ADDED ENTRY--TOPICAL TERM
Topical term or geographic name entry element 3. Two- Storey house- Design and Construction-- Computer Programs
942 ## - ADDED ENTRY ELEMENTS (KOHA)
Source of classification or shelving scheme Dewey Decimal Classification
Koha item type Book Circulation
Classification part Circ.
Suppress in OPAC No
952 ## - LOCATION AND ITEM INFORMATION (KOHA)
--
Holdings
Withdrawn status Lost status Source of classification or shelving scheme Damaged status Not for loan Home library Current library Shelving location Date acquired Source of acquisition Total Checkouts Full call number Barcode Date last seen Copy number Price effective from Koha item type Uniform Resource Identifier
    Dewey Decimal Classification     College Library College Library Circulation 09/13/2022 SF   Circ. 624.170 D457 2022 CL53332 04/25/2026 c1 04/25/2026 BK-CIRC